[Event "MCR druzstev mladsich zaku 2019"]
[Site "Trest"]
[Date "2019.06.14"]
[Round "2.10"]
[White "Novak, Ondrej"]
[Black "Stary, Vojtech"]
[Result "1-0"]
[BlackElo "1346"]
[WhiteElo "1307"]
[LiveChessVersion "1.4.8"]

1. e4 {[%clk 0:25:04]} e5 {[%clk 0:25:19]} 2. Nf3 {[%clk 0:25:03]} Nc6
{[%clk 0:25:28]} 3. d4 {[%clk 0:25:00]} exd4 {[%clk 0:25:36]} 4. Bc4
{[%clk 0:24:57]} Bc5 {[%clk 0:24:50]} 5. c3 {[%clk 0:24:51]} dxc3
{[%clk 0:24:44]} 6. Bxf7+ {[%clk 0:24:33]} Kxf7 {[%clk 0:24:22]} 7. Qd5+
{[%clk 0:24:35]} Ke8 {[%clk 0:24:09]} 8. Qh5+ {[%clk 0:24:32]} g6
{[%clk 0:23:27]} 9. Qxc5 {[%clk 0:24:28]} d6 {[%clk 0:19:57]} 10. Qxc3
{[%clk 0:23:54]} Qf6 {[%clk 0:19:54]} 11. Bd2 {[%clk 0:22:50]} Be6
{[%clk 0:15:38]} 12. h3 {[%clk 0:22:18]} Kf7 {[%clk 0:13:33]} 13. Qxf6+
{[%clk 0:21:52]} Nxf6 14. Bc3 {[%clk 0:21:38]} Rhf8 {[%clk 0:12:50]} 15. Ng5+
{[%clk 0:21:40]} Ke7 {[%clk 0:12:37]} 16. Bxf6+ {[%clk 0:21:40]} Rxf6
{[%clk 0:12:16]} 17. Nxh7 {[%clk 0:21:22]} Rf4 {[%clk 0:11:55]} 18. Nc3
{[%clk 0:21:07]} Nd4 {[%clk 0:11:25]} 19. O-O {[%clk 0:20:51]} Bc4
{[%clk 0:10:44]} 20. Rfd1 {[%clk 0:20:35]} Ne6 {[%clk 0:10:07]} 21. b3
{[%clk 0:20:34]} Rf7 {[%clk 0:09:39]} 22. bxc4 {[%clk 0:20:07]} Rxh7
{[%clk 0:09:44]} 23. Nd5+ {[%clk 0:19:56]} Kd8 {[%clk 0:09:38]} 24. e5
{[%clk 0:19:42]} c6 {[%clk 0:09:20]} 25. Nf6 {[%clk 0:19:24]} Rf7
{[%clk 0:09:03]} 26. Rxd6+ {[%clk 0:19:23]} Ke7 {[%clk 0:08:54]} 27. Rd7+
{[%clk 0:19:23]} Kf8 {[%clk 0:08:50]} 28. Rxf7+ {[%clk 0:19:08]} Kxf7
{[%clk 0:08:56]} 29. Rd1 {[%clk 0:18:53]} b6 {[%clk 0:07:26]} 30. Rd7+
{[%clk 0:17:51]} Kf8 {[%clk 0:07:33]} 31. Rd6 {[%clk 0:17:55]} Nd8
{[%clk 0:07:02]} 32. Kf1 {[%clk 0:16:36]} Nf7 {[%clk 0:06:38]} 33. Rxc6
{[%clk 0:15:49]} Nxe5 {[%clk 0:06:43]} 34. Rc7 {[%clk 0:15:05]} a6
{[%clk 0:05:55]} 35. Ke2 {[%clk 0:14:40]} Rd8 {[%clk 0:05:01]} 36. f4
{[%clk 0:14:17]} Nd3 {[%clk 0:04:41]} 37. Nd7+ {[%clk 0:13:47]} Ke8
{[%clk 0:04:13]} 38. Kxd3 {[%clk 0:13:37]} Rxd7+ {[%clk 0:04:15]} 39. Rxd7
{[%clk 0:13:46]} Kxd7 {[%clk 0:04:22]} 40. Kd4 {[%clk 0:13:52]} Kd6
{[%clk 0:04:30]} 41. a4 {[%clk 0:13:59]} a5 {[%clk 0:04:35]} 42. g4
{[%clk 0:14:05]} Ke6 {[%clk 0:04:40]} 43. c5 {[%clk 0:14:11]} b5 {[%clk 0:04:28]}
44. c6 {[%clk 0:14:20]} Kd6 {[%clk 0:04:32]} 45. axb5 {[%clk 0:14:28]} a4
{[%clk 0:04:30]} 46. Kc4 {[%clk 0:14:34]} Kc7 {[%clk 0:04:34]} 47. Kb4
{[%clk 0:14:43]} Kb6 {[%clk 0:04:40]} 48. Kxa4 {[%clk 0:14:51]} 1-0

[Event "MCR druzstev mladsich zaku 2019"]
[Site "Trest"]
[Date "2019.06.14"]
[Round "2.12"]
[White "Safarova, Anna Marie"]
[Black "Vana, Jakub"]
[Result "1/2-1/2"]
[BlackElo "1269"]
[WhiteElo "1077"]
[LiveChessVersion "1.4.8"]

1. e4 {[%clk 0:25:17]} c6 {[%clk 0:25:18]} 2. Nf3 {[%clk 0:25:23]} d5
{[%clk 0:25:26]} 3. e5 {[%clk 0:24:07]} Bf5 {[%clk 0:25:32]} 4. Be2
{[%clk 0:24:06]} e6 {[%clk 0:25:38]} 5. d3 {[%clk 0:24:12]} Nd7 {[%clk 0:25:38]}
6. Bf4 {[%clk 0:24:13]} Bb4+ {[%clk 0:25:02]} 7. Nc3 {[%clk 0:24:14]} c5
{[%clk 0:24:34]} 8. d4 {[%clk 0:23:54]} Ne7 {[%clk 0:23:50]} 9. O-O
{[%clk 0:23:49]} O-O {[%clk 0:23:46]} 10. a3 {[%clk 0:23:48]} Bxc3
{[%clk 0:23:50]} 11. bxc3 {[%clk 0:23:50]} c4 {[%clk 0:23:58]} 12. Rb1
{[%clk 0:19:34]} Rb8 {[%clk 0:23:35]} 13. Nh4 {[%clk 0:15:40]} Qa5
{[%clk 0:23:07]} 14. Qd2 {[%clk 0:15:26]} Be4 {[%clk 0:22:18]} 15. Ra1
{[%clk 0:15:15]} Qa4 {[%clk 0:22:17]} 16. Rfc1 {[%clk 0:15:10]} Nb6
{[%clk 0:21:30]} 17. Qe3 {[%clk 0:14:26]} Bxc2 {[%clk 0:21:11]} 18. Bd1
{[%clk 0:13:50]} Bxd1 {[%clk 0:21:14]} 19. Rxd1 {[%clk 0:13:54]} Qc2
{[%clk 0:19:31]} 20. Qg3 {[%clk 0:13:46]} Nf5 {[%clk 0:19:19]} 21. Nxf5
{[%clk 0:13:41]} Qxf5 {[%clk 0:19:25]} 22. Bh6 {[%clk 0:13:42]} Qg6
{[%clk 0:19:32]} 23. Qxg6 {[%clk 0:13:39]} fxg6 {[%clk 0:19:29]} 24. Be3
{[%clk 0:13:46]} Na4 {[%clk 0:19:29]} 25. Bd2 {[%clk 0:13:45]} Nb2
{[%clk 0:19:22]} 26. Rdb1 {[%clk 0:13:43]} Nd3 {[%clk 0:19:29]} 27. Rf1
{[%clk 0:13:19]} Rbc8 {[%clk 0:19:04]} 28. Rab1 {[%clk 0:13:19]} b6
{[%clk 0:18:50]} 29. a4 {[%clk 0:11:05]} a6 {[%clk 0:18:24]} 30. Rxb6
{[%clk 0:10:54]} Rfe8 {[%clk 0:17:11]} 31. Rxa6 {[%clk 0:10:47]} Rb8
{[%clk 0:17:19]} 32. a5 {[%clk 0:10:50]} Rb2 {[%clk 0:17:26]} 33. Bc1
{[%clk 0:10:49]} Rc2 {[%clk 0:17:32]} 34. Ba3 {[%clk 0:10:37]} Rxc3
{[%clk 0:17:37]} 35. Bc5 {[%clk 0:10:21]} Rb3 {[%clk 0:17:17]} 36. Rc6
{[%clk 0:09:45]} c3 {[%clk 0:17:19]} 37. a6 {[%clk 0:09:44]} c2 {[%clk 0:17:26]}
38. Bd6 {[%clk 0:09:40]} c1=Q {[%clk 0:16:49]} 39. Rfxc1 {[%clk 0:09:33]} Nxc1
{[%clk 0:16:53]} 40. Rxc1 {[%clk 0:09:40]} Ra8 {[%clk 0:16:54]} 41. Ra1
{[%clk 0:09:38]} Rb6 {[%clk 0:16:59]} 42. a7 {[%clk 0:09:41]} Rb7
{[%clk 0:17:06]} 43. Bc5 {[%clk 0:09:48]} Kf7 {[%clk 0:16:32]} 44. Kf1
{[%clk 0:09:24]} g5 {[%clk 0:16:38]} 45. Ke2 {[%clk 0:09:32]} Kg6
{[%clk 0:16:47]} 46. Ke3 {[%clk 0:09:40]} h5 {[%clk 0:16:54]} 47. h3
{[%clk 0:09:47]} Kh6 {[%clk 0:16:45]} 48. f3 {[%clk 0:09:43]} Kg6
{[%clk 0:15:08]} 1/2-1/2

[Event "MCR druzstev mladsich zaku 2019"]
[Site "Trest"]
[Date "2019.06.14"]
[Round "2.13"]
[White "Paseka, Matyas"]
[Black "Matusik, Ondrej"]
[Result "1-0"]
[BlackElo "1268"]
[WhiteElo "1631"]
[LiveChessVersion "1.4.8"]

1. e4 {[%clk 0:25:19]} e6 {[%clk 0:25:18]} 2. d4 {[%clk 0:25:28]} d5
{[%clk 0:25:27]} 3. Nd2 {[%clk 0:25:36]} Ne7 {[%clk 0:25:04]} 4. c3
{[%clk 0:25:38]} Bd7 {[%clk 0:24:47]} 5. Bd3 {[%clk 0:25:41]} Bc6
{[%clk 0:23:26]} 6. e5 {[%clk 0:25:45]} Nf5 {[%clk 0:23:16]} 7. Ne2
{[%clk 0:24:46]} Bd7 {[%clk 0:22:13]} 8. Ng3 {[%clk 0:24:06]} c5 {[%clk 0:21:47]}
9. Qg4 {[%clk 0:20:48]} cxd4 {[%clk 0:19:06]} 10. cxd4 {[%clk 0:20:43]} Nc6
{[%clk 0:16:02]} 11. Nxf5 {[%clk 0:15:39]} exf5 {[%clk 0:16:10]} 12. Bxf5
{[%clk 0:15:47]} Bxf5 {[%clk 0:15:48]} 13. Qxf5 {[%clk 0:15:56]} Nxd4
{[%clk 0:15:56]} 14. Qd3 {[%clk 0:16:05]} Qb6 {[%clk 0:15:10]} 15. O-O
{[%clk 0:15:30]} Rc8 {[%clk 0:15:03]} 16. Nf3 {[%clk 0:14:51]} Nxf3+
{[%clk 0:12:57]} 17. Qxf3 {[%clk 0:14:59]} Qe6 {[%clk 0:13:04]} 18. Bf4
{[%clk 0:14:48]} Rc2 {[%clk 0:11:11]} 19. Qb3 {[%clk 0:14:25]} Qc6
{[%clk 0:10:02]} 20. Rac1 {[%clk 0:14:27]} Rc4 {[%clk 0:09:35]} 21. Qf3
{[%clk 0:13:44]} Qd7 {[%clk 0:06:47]} 22. Rxc4 {[%clk 0:10:54]} dxc4
{[%clk 0:06:48]} 23. Rd1 {[%clk 0:11:02]} Qb5 {[%clk 0:06:01]} 24. Bg5
{[%clk 0:09:42]} Be7 {[%clk 0:05:14]} 25. Qg4 {[%clk 0:07:39]} Bxg5
{[%clk 0:02:35]} 26. Qc8+ {[%clk 0:07:30]} Ke7 {[%clk 0:02:41]} 27. Qxh8
{[%clk 0:07:39]} Ke6 {[%clk 0:00:15]} 28. Qxg7 {[%clk 0:06:16]} 1-0

[Event "MCR druzstev mladsich zaku 2019"]
[Site "Trest"]
[Date "2019.06.14"]
[Round "2.14"]
[White "Sigut, Ondrej"]
[Black "Vasinek, Martin"]
[Result "0-1"]
[BlackElo "1546"]
[WhiteElo "1156"]
[LiveChessVersion "1.4.8"]

1. e4 {[%clk 0:25:18]} c5 {[%clk 0:25:19]} 2. Nf3 {[%clk 0:25:26]} Nc6
{[%clk 0:25:28]} 3. d4 {[%clk 0:25:33]} cxd4 {[%clk 0:25:37]} 4. Nxd4
{[%clk 0:25:40]} g6 {[%clk 0:25:45]} 5. Nc3 {[%clk 0:25:37]} Bg7 {[%clk 0:25:54]}
6. Nf3 {[%clk 0:25:45]} d6 {[%clk 0:26:01]} 7. Bb5 {[%clk 0:25:44]} Bd7
{[%clk 0:26:08]} 8. O-O {[%clk 0:25:49]} Nf6 {[%clk 0:26:18]} 9. Bg5
{[%clk 0:25:51]} O-O {[%clk 0:26:26]} 10. Re1 {[%clk 0:25:42]} a6
{[%clk 0:26:31]} 11. Bd3 {[%clk 0:25:46]} Qa5 {[%clk 0:26:36]} 12. a3
{[%clk 0:25:24]} Bg4 {[%clk 0:26:25]} 13. b4 {[%clk 0:25:12]} Bxf3
{[%clk 0:26:32]} 14. bxa5 {[%clk 0:25:08]} Bxd1 {[%clk 0:26:39]} 15. Raxd1
{[%clk 0:25:12]} Nxa5 {[%clk 0:26:33]} 16. e5 {[%clk 0:24:14]} dxe5
{[%clk 0:26:30]} 17. Rxe5 {[%clk 0:24:22]} Nc6 {[%clk 0:26:34]} 18. Re2
{[%clk 0:24:16]} e6 {[%clk 0:26:25]} 19. Rde1 {[%clk 0:24:13]} Nd4
{[%clk 0:26:01]} 20. Re3 {[%clk 0:23:58]} Ng4 {[%clk 0:25:45]} 21. Re4
{[%clk 0:23:41]} f5 {[%clk 0:25:53]} 22. Rf4 {[%clk 0:22:27]} e5 {[%clk 0:26:00]}
23. Rxg4 {[%clk 0:22:20]} fxg4 {[%clk 0:26:05]} 24. Nd5 {[%clk 0:22:20]} Nf5
{[%clk 0:25:39]} 25. g3 {[%clk 0:21:38]} h6 {[%clk 0:25:25]} 26. Bd2
{[%clk 0:21:29]} Rad8 {[%clk 0:25:25]} 27. Nc3 {[%clk 0:21:10]} Nd4
{[%clk 0:25:18]} 28. Ne4 {[%clk 0:20:56]} Nf3+ {[%clk 0:25:26]} 29. Kg2
{[%clk 0:20:37]} Nxe1+ {[%clk 0:25:32]} 30. Bxe1 {[%clk 0:20:53]} g5
{[%clk 0:25:35]} 31. Bb4 {[%clk 0:20:21]} Rf3 {[%clk 0:23:49]} 32. Be2
{[%clk 0:19:57]} Rff8 {[%clk 0:21:19]} 33. Bxf8 {[%clk 0:19:51]} Kxf8
{[%clk 0:21:24]} 34. Bxg4 {[%clk 0:19:51]} b6 {[%clk 0:20:50]} 35. Kf3
{[%clk 0:19:16]} Ke7 {[%clk 0:20:57]} 36. c3 {[%clk 0:19:08]} Bf6
{[%clk 0:20:35]} 37. Ke3 {[%clk 0:18:49]} Kf7 {[%clk 0:20:18]} 38. Ke2
{[%clk 0:18:41]} Be7 {[%clk 0:20:21]} 39. a4 {[%clk 0:18:43]} Kg6
{[%clk 0:19:50]} 40. Ke3 {[%clk 0:18:42]} h5 {[%clk 0:19:48]} 41. Be2
{[%clk 0:18:47]} a5 {[%clk 0:19:30]} 42. Bd3 {[%clk 0:18:42]} Kg7
{[%clk 0:19:07]} 43. Ke2 {[%clk 0:18:22]} Rc8 {[%clk 0:17:17]} 44. Ke3
{[%clk 0:18:04]} Bc5+ {[%clk 0:17:22]} 45. Ke2 {[%clk 0:18:11]} Be7
{[%clk 0:16:22]} 46. Ke3 {[%clk 0:18:03]} Kf7 {[%clk 0:16:19]} 47. Kd2
{[%clk 0:17:38]} Ke6 {[%clk 0:16:25]} 48. Kc2 {[%clk 0:17:10]} Kd5
{[%clk 0:15:43]} 49. Kd2 {[%clk 0:16:57]} Rf8 {[%clk 0:15:23]} 50. Ke2
{[%clk 0:16:52]} Bc5 {[%clk 0:15:05]} 51. Ke1 {[%clk 0:16:39]} g4
{[%clk 0:14:34]} 52. Ke2 {[%clk 0:16:17]} Rf3 {[%clk 0:13:44]} 53. Bc2
{[%clk 0:16:15]} Kc6 {[%clk 0:11:04]} 54. Ke1 {[%clk 0:16:18]} b5
{[%clk 0:11:03]} 55. axb5+ {[%clk 0:16:20]} Kxb5 {[%clk 0:11:04]} 56. Ke2
{[%clk 0:16:19]} Bb6 {[%clk 0:07:30]} 57. Ke1 {[%clk 0:16:24]} a4
{[%clk 0:06:55]} 58. Ke2 {[%clk 0:16:19]} a3 {[%clk 0:06:12]} 59. Bb3
{[%clk 0:16:05]} Ba5 {[%clk 0:05:51]} 60. Kd2 {[%clk 0:16:09]} Bb6
{[%clk 0:05:35]} 61. Ke2 {[%clk 0:16:12]} Ka5 {[%clk 0:04:30]} 62. Ke1
{[%clk 0:16:00]} Bxf2+ {[%clk 0:02:55]} 63. Nxf2 {[%clk 0:15:51]} Rxc3
{[%clk 0:03:04]} 64. Be6 {[%clk 0:15:42]} Rc2 {[%clk 0:03:07]} 65. Nd3
{[%clk 0:15:57]} a2 0-1

[Event "MCR druzstev mladsich zaku 2019"]
[Site "Trest"]
[Date "2019.06.14"]
[Round "2.15"]
[White "Buchta, Bartolomej"]
[Black "Osina, Jaromir"]
[Result "1-0"]
[BlackElo "1240"]
[WhiteElo "1482"]
[LiveChessVersion "1.4.8"]

1. e4 {[%clk 0:25:19]} c6 {[%clk 0:25:18]} 2. d4 {[%clk 0:25:25]} d5
{[%clk 0:25:27]} 3. Nc3 {[%clk 0:25:34]} dxe4 {[%clk 0:25:35]} 4. Nxe4
{[%clk 0:25:43]} Bf5 {[%clk 0:25:43]} 5. Ng3 {[%clk 0:25:52]} Bg6
{[%clk 0:25:51]} 6. h4 {[%clk 0:26:01]} h6 {[%clk 0:26:00]} 7. Nf3
{[%clk 0:26:09]} Nd7 {[%clk 0:26:06]} 8. h5 {[%clk 0:26:18]} Bh7 {[%clk 0:26:15]}
9. Bd3 {[%clk 0:26:27]} Bxd3 {[%clk 0:26:24]} 10. Qxd3 {[%clk 0:26:36]} e6
{[%clk 0:26:29]} 11. Bd2 {[%clk 0:26:45]} Ngf6 {[%clk 0:26:34]} 12. O-O-O
{[%clk 0:26:53]} Be7 {[%clk 0:26:31]} 13. Ne4 {[%clk 0:26:37]} O-O
{[%clk 0:26:10]} 14. Nxf6+ {[%clk 0:26:04]} Nxf6 {[%clk 0:26:17]} 15. Ne5
{[%clk 0:26:13]} Bd6 {[%clk 0:26:13]} 16. f4 {[%clk 0:25:46]} Qb6
{[%clk 0:24:49]} 17. g4 {[%clk 0:25:48]} Bxe5 {[%clk 0:24:40]} 18. fxe5
{[%clk 0:25:56]} Nd5 {[%clk 0:24:14]} 19. g5 {[%clk 0:25:56]} hxg5
{[%clk 0:24:08]} 20. h6 {[%clk 0:25:47]} g6 {[%clk 0:23:41]} 21. Bxg5
{[%clk 0:25:29]} Kh7 {[%clk 0:23:06]} 22. Qf3 {[%clk 0:25:14]} Rac8
{[%clk 0:22:03]} 23. c4 {[%clk 0:25:13]} Nc7 {[%clk 0:21:48]} 24. Qf6
{[%clk 0:25:17]} Ne8 {[%clk 0:21:30]} 25. Qe7 {[%clk 0:25:02]} Nc7
{[%clk 0:20:51]} 26. Rdf1 {[%clk 0:24:46]} Kg8 {[%clk 0:19:34]} 27. h7+
{[%clk 0:24:47]} Kh8 {[%clk 0:19:04]} 28. Qf6# {[%clk 0:24:53]} 1-0

[Event "MCR druzstev mladsich zaku 2019"]
[Site "Trest"]
[Date "2019.06.14"]
[Round "2.16"]
[White "Ticha, Sofie"]
[Black "Licka, Denis"]
[Result "0-1"]
[BlackElo "1324"]
[WhiteElo "1204"]
[LiveChessVersion "1.4.8"]

1. e4 {[%clk 0:25:19]} c5 {[%clk 0:25:17]} 2. Nf3 {[%clk 0:25:28]} d6
{[%clk 0:25:25]} 3. d4 {[%clk 0:25:36]} cxd4 {[%clk 0:25:33]} 4. Nxd4
{[%clk 0:25:43]} Nf6 {[%clk 0:25:41]} 5. Nc3 {[%clk 0:25:50]} a6 {[%clk 0:25:49]}
6. Bc4 {[%clk 0:25:51]} e6 {[%clk 0:25:57]} 7. Bg5 {[%clk 0:25:55]} Be7
{[%clk 0:25:46]} 8. O-O {[%clk 0:25:58]} O-O {[%clk 0:25:52]} 9. Re1
{[%clk 0:25:55]} b5 {[%clk 0:25:05]} 10. Bb3 {[%clk 0:25:55]} Bb7
{[%clk 0:24:28]} 11. h3 {[%clk 0:25:19]} b4 {[%clk 0:20:45]} 12. Nb1
{[%clk 0:25:16]} Nxe4 {[%clk 0:20:30]} 13. Bxe7 {[%clk 0:25:08]} Qxe7
{[%clk 0:20:34]} 14. Qd3 {[%clk 0:23:20]} Nc5 {[%clk 0:14:09]} 15. Qg3
{[%clk 0:23:06]} Nxb3 {[%clk 0:10:59]} 16. axb3 {[%clk 0:22:51]} d5
{[%clk 0:07:30]} 17. Nf5 {[%clk 0:22:10]} Qf6 {[%clk 0:07:17]} 18. Ne3
{[%clk 0:21:36]} Qxb2 {[%clk 0:06:38]} 19. Nd2 {[%clk 0:21:42]} Qc3
{[%clk 0:05:01]} 20. Nf3 {[%clk 0:21:43]} d4 {[%clk 0:03:33]} 21. Ng4
{[%clk 0:20:10]} Bxf3 {[%clk 0:02:40]} 22. gxf3 {[%clk 0:20:12]} Qxc2
{[%clk 0:00:39]} 23. Rab1 {[%clk 0:20:18]} Qg6 {[%clk 0:00:40]} 24. Kh2
{[%clk 0:20:16]} h5 {[%clk 0:00:22]} 25. Ne5 {[%clk 0:20:02]} Qxg3+
{[%clk 0:00:23]} 26. fxg3 {[%clk 0:20:02]} Rd8 {[%clk 0:00:21]} 27. Red1
{[%clk 0:20:07]} f6 {[%clk 0:00:14]} 28. Ng6 {[%clk 0:19:53]} Kf7
{[%clk 0:00:20]} 29. Nf4 {[%clk 0:19:59]} g6 {[%clk 0:00:17]} 30. Rbc1
{[%clk 0:20:04]} Ra7 {[%clk 0:00:16]} 31. Rc4 {[%clk 0:20:02]} a5
{[%clk 0:00:16]} 32. Rcxd4 {[%clk 0:19:58]} Rxd4 {[%clk 0:00:22]} 33. Rxd4
{[%clk 0:20:07]} e5 {[%clk 0:00:22]} 34. Rd8 {[%clk 0:20:14]} Nc6
{[%clk 0:00:18]} 35. Nd5 {[%clk 0:20:08]} Nxd8 {[%clk 0:00:23]} 36. Kg2
{[%clk 0:20:13]} Rd7 {[%clk 0:00:30]} 37. Ne3 {[%clk 0:20:16]} Rd3
{[%clk 0:00:36]} 38. Kf2 {[%clk 0:20:24]} Rxb3 {[%clk 0:00:45]} 39. Nd5
{[%clk 0:20:32]} Rb2+ {[%clk 0:00:49]} 40. Ke3 {[%clk 0:20:40]} Rb3+
{[%clk 0:00:46]} 41. Kf2 {[%clk 0:20:47]} a4 {[%clk 0:00:53]} 42. Nb6
{[%clk 0:20:53]} a3 {[%clk 0:00:59]} 43. Nc4 {[%clk 0:21:01]} a2 {[%clk 0:01:07]}
44. Nd2 {[%clk 0:21:07]} Rb2 {[%clk 0:01:15]} 45. Ke1 {[%clk 0:21:16]} a1=Q+
{[%clk 0:01:20]} 46. Ke2 {[%clk 0:21:24]} Qh1 {[%clk 0:01:22]} 47. Kd3
{[%clk 0:21:29]} Rxd2+ {[%clk 0:01:06]} 48. Kxd2 {[%clk 0:21:38]} Qxf3
{[%clk 0:01:14]} 49. Kc2 {[%clk 0:21:45]} Qc3+ {[%clk 0:01:19]} 50. Kb1
{[%clk 0:21:53]} b3 {[%clk 0:01:26]} 51. h4 {[%clk 0:22:01]} Qc2+
{[%clk 0:01:35]} 52. Ka1 {[%clk 0:22:07]} Qa2# {[%clk 0:01:43]} 0-1

[Event "MCR druzstev mladsich zaku 2019"]
[Site "Trest"]
[Date "2019.06.14"]
[Round "2.17"]
[White "Barteckova, Denisa"]
[Black "Horkova, Tereza"]
[Result "0-1"]
[BlackElo "1287"]
[WhiteElo "1212"]
[LiveChessVersion "1.4.8"]

1. e4 {[%clk 0:25:18]} e5 {[%clk 0:25:20]} 2. Nf3 Nc6 3. d4 {[%clk 0:25:35]} exd4
{[%clk 0:25:38]} 4. Nxd4 {[%clk 0:25:43]} Nf6 {[%clk 0:25:48]} 5. Nxc6
{[%clk 0:25:51]} bxc6 {[%clk 0:25:56]} 6. e5 {[%clk 0:26:00]} Nd5
{[%clk 0:25:52]} 7. c4 {[%clk 0:26:07]} Nb6 {[%clk 0:25:59]} 8. b3
{[%clk 0:26:12]} d5 {[%clk 0:26:03]} 9. exd6 {[%clk 0:26:13]} cxd6
{[%clk 0:25:54]} 10. Bb2 {[%clk 0:26:14]} d5 {[%clk 0:25:46]} 11. Qe2+
{[%clk 0:24:51]} Be6 {[%clk 0:25:35]} 12. Nd2 {[%clk 0:24:30]} Bb4
{[%clk 0:25:27]} 13. Bxg7 {[%clk 0:23:42]} Rg8 {[%clk 0:25:33]} 14. Bh6
{[%clk 0:22:59]} dxc4 {[%clk 0:25:26]} 15. bxc4 {[%clk 0:22:46]} Nxc4
{[%clk 0:24:59]} 16. g3 {[%clk 0:21:44]} Qa5 {[%clk 0:22:27]} 17. O-O-O
{[%clk 0:20:26]} Qa3+ {[%clk 0:22:15]} 18. Kc2 {[%clk 0:20:09]} Qc3+
{[%clk 0:22:15]} 19. Kb1 {[%clk 0:20:06]} Qb2# 0-1

[Event "MCR druzstev mladsich zaku 2019"]
[Site "Trest"]
[Date "2019.06.14"]
[Round "2.18"]
[White "Buchtova, Viktorie"]
[Black "Letal, Hynek"]
[Result "0-1"]
[BlackElo "1058"]
[WhiteElo "1188"]
[LiveChessVersion "1.4.8"]

1. e4 {[%clk 0:25:18]} c5 {[%clk 0:25:19]} 2. Nf3 {[%clk 0:25:26]} e6
{[%clk 0:25:29]} 3. d4 {[%clk 0:25:32]} cxd4 {[%clk 0:25:37]} 4. Nxd4
{[%clk 0:25:40]} Nc6 5. Nxc6 {[%clk 0:25:45]} bxc6 {[%clk 0:25:55]} 6. Bd3
{[%clk 0:25:49]} Nf6 {[%clk 0:26:04]} 7. Nc3 {[%clk 0:25:57]} Bb4 8. O-O
{[%clk 0:26:02]} O-O {[%clk 0:26:18]} 9. Bg5 {[%clk 0:26:01]} h6 {[%clk 0:26:09]}
10. Bh4 {[%clk 0:26:03]} d5 {[%clk 0:26:16]} 11. e5 {[%clk 0:26:07]} g5
{[%clk 0:26:25]} 12. exf6 {[%clk 0:26:15]} Qxf6 {[%clk 0:26:33]} 13. Bg3
{[%clk 0:26:15]} c5 {[%clk 0:26:32]} 14. Bd6 {[%clk 0:26:03]} Rd8
{[%clk 0:26:36]} 15. Bc7 {[%clk 0:25:57]} Rd7 {[%clk 0:26:42]} 16. Bg3
{[%clk 0:25:48]} c4 {[%clk 0:26:51]} 17. Be2 {[%clk 0:25:48]} Ba6
{[%clk 0:26:36]} 18. Bg4 {[%clk 0:23:40]} d4 {[%clk 0:26:22]} 19. Ne4
{[%clk 0:23:04]} Qg6 {[%clk 0:26:30]} 20. Bf3 {[%clk 0:23:10]} Rad8
{[%clk 0:26:18]} 21. a3 {[%clk 0:22:36]} Be7 {[%clk 0:26:27]} 22. Nd2
{[%clk 0:21:51]} c3 {[%clk 0:26:33]} 23. Bc6 {[%clk 0:21:20]} Bxf1
{[%clk 0:26:35]} 24. Bxd7 {[%clk 0:21:15]} cxd2 {[%clk 0:26:38]} 25. Bxe6
{[%clk 0:20:20]} fxe6 {[%clk 0:26:43]} 26. Qxf1 {[%clk 0:20:20]} Qxc2
{[%clk 0:26:50]} 27. Qb1 {[%clk 0:19:11]} Rc8 {[%clk 0:26:56]} 28. Qf1
{[%clk 0:18:35]} Qc1 {[%clk 0:27:03]} 29. f3 {[%clk 0:17:56]} Qxa1
{[%clk 0:27:05]} 30. Qxa1 {[%clk 0:17:47]} Rc1+ {[%clk 0:27:13]} 31. Qxc1
{[%clk 0:17:49]} dxc1=Q+ 32. Kf2 {[%clk 0:17:49]} d3 {[%clk 0:27:11]} 33. Be5
{[%clk 0:17:49]} Bc5+ {[%clk 0:27:14]} 34. Kg3 {[%clk 0:17:54]} Qe1+
{[%clk 0:27:22]} 35. Kg4 {[%clk 0:18:01]} Qh4# 0-1